Diesel, the man and the engine

Shranjeno v:
Bibliografske podrobnosti
Glavni avtor: Grosser, Morton
Format: Knjiga
Jezik:Undetermined
Izdano: New York Atheneum 1978
Teme:
Oznake: Označite
Brez oznak, prvi označite!
Thư viện lưu trữ: Trung tâm Học liệu Trường Đại học Cần Thơ
LEADER 00527nam a2200205Ia 4500
001 CTU_84395
008 210402s9999 xx 000 0 und d
082 |a 621.43 
082 |b G878 
100 |a Grosser, Morton 
245 0 |a Diesel, the man and the engine 
245 0 |c Morton Grosser 
260 |a New York 
260 |b Atheneum 
260 |c 1978 
650 |a Michanical engineers 
650 |x Biography 
650 |z Germany 
904 |i QHieu(sửa) 
980 |a Trung tâm Học liệu Trường Đại học Cần Thơ